[Event "Nuremberg-ch op 03rd"]
[Site "Nuremberg"]
[Date "2003.05.31"]
[Round "3"]
[White "Dombrowsky, Michael"]
[Black "Kuehnling, Klaus"]
[Result "1-0"]
[WhiteElo "1977"]
[BlackElo "1751"]
[PlyCount "55"]
[EventDate "2003.05.30"]
[EventType "swiss"]
[EventRounds "5"]
[EventCountry "GER"]
[SourceTitle "EXT 2006"]
[Source "ChessBase"]
[SourceDate "2005.11.24"]
[SourceVersion "1"]
[SourceVersionDate "2005.11.24"]
[SourceQuality "1"]

1. e4 c5 2. f4 Nc6 3. Nf3 g6 4. d3 Bg7 5. c3 d6 6. g3 Nf6 7. Bg2 Rb8 8. a4 Qc7 9. 0-0 0-0 10. Na3 a6 11. Nc2 Na5 12. Ne3 Be6 13. Nd2 b5 14. axb5 axb5 15. f5 Bd7 16. g4 Bh6 17. Nd5 Nxd5 18. exd5 c4 19. Ne4 Bxc1 20. Qxc1 f6 21. Qh6 Be8 22. Rf3 Nb3 23. Rd1 Nc5 24. Rh3 e5 25. dxe6 Rd8 26. Nf2 cxd3 27. Bd5 Kh8 28. Qxf8# 1-0

[Event "Nuremberg-ch op 03rd"]
[Site "Nuremberg"]
[Date "2003.05.31"]
[Round "2"]
[White "Kuehnling, Klaus"]
[Black "Puehn, Georg"]
[Result "1/2-1/2"]
[WhiteElo "1751"]
[BlackElo "1946"]
[PlyCount "47"]
[EventDate "2003.05.30"]
[EventType "swiss"]
[EventRounds "5"]
[EventCountry "GER"]
[SourceTitle "EXT 2006"]
[Source "ChessBase"]
[SourceDate "2005.11.24"]
[SourceVersion "1"]
[SourceVersionDate "2005.11.24"]
[SourceQuality "1"]

1. e4 c6 2. d4 d5 3. exd5 cxd5 4. c4 Nf6 5. Nc3 g6 6. Nf3 Bg7 7. Bg5 dxc4 8. Bxc4 0-0 9. 0-0 Nbd7 10. Re1 Nb6 11. Bb3 h6 12. Bh4 g5 13. Bg3 Bg4 14. Qd3 e6 15. Be5 Bf5 16. Qe2 Rc8 17. Rad1 Nbd5 18. Nxd5 exd5 19. Rc1 Qd7 20. h3 Rfe8 21. Qe3 Be4 22. Nd2 Bg6 23. Qf3 Ne4 24. Nxe4 1/2-1/2

[Event "Mittelfranken-ch HT 51st"]
[Site "Zirndorf"]
[Date "2002.??.??"]
[Round "2"]
[White "Kirchner, Norbert"]
[Black "Kuehnling, Klaus"]
[Result "1-0"]
[WhiteElo "2035"]
[BlackElo "1791"]
[PlyCount "97"]
[EventDate "2002.03.26"]
[EventType "swiss"]
[EventRounds "9"]
[EventCountry "GER"]
[SourceTitle "EXT 2011"]
[Source "ChessBase"]
[SourceDate "2010.11.26"]
[SourceVersion "1"]
[SourceVersionDate "2010.11.26"]
[SourceQuality "1"]

1. e4 c5 2. Nf3 Nc6 3. Bc4 e6 4. 0-0 Qc7 5. c3 Nf6 6. Re1 d6 7. d4 a6 8. d5 Na5 9. Bf1 b6 10. dxe6 Bxe6 11. Bf4 Nc6 12. Ng5 Qd7 13. Qa4 Ne5 14. Qxd7+ Nfxd7 15. Nxe6 fxe6 16. Nd2 Be7 17. Nc4 b5 18. Nxe5 Nxe5 19. Bxe5 dxe5 20. a4 b4 21. Rad1 a5 22. Bb5+ Kf7 23. Rd7 Rhd8 24. Rb7 Rd2 25. cxb4 axb4 26. b3 Kf6 27. h3 Rd4 28. Re3 Bf8 29. Kh2 Kg6 30. Bc4 Rd2 31. Kg3 Rd6 32. Rf3 Re8 33. Rbf7 Be7 34. a5 Bf6 35. Rc7 Bg5 36. h4 Bf4+ 37. Kh3 Rd2 38. g3 Bh6 39. Rxc5 Ra2 40. a6 Bd2 41. Rc7 Be1 42. Kg2 Rd8 43. Rff7 Rdd2 44. Rxg7+ Kh6 45. Rxh7+ Kg6 46. h5+ Kf6 47. Rcf7+ Kg5 48. Rfg7+ Kf6 49. Rg6# 1-0

[Event "Mittelfranken-ch HT 51st"]
[Site "Zirndorf"]
[Date "2002.??.??"]
[Round "9"]
[White "Kuehnling, Klaus"]
[Black "Bildt, Thomas"]
[Result "1/2-1/2"]
[WhiteElo "1791"]
[BlackElo "2009"]
[PlyCount "35"]
[EventDate "2002.03.26"]
[EventType "swiss"]
[EventRounds "9"]
[EventCountry "GER"]
[SourceTitle "EXT 2011"]
[Source "ChessBase"]
[SourceDate "2010.11.26"]
[SourceVersion "1"]
[SourceVersionDate "2010.11.26"]
[SourceQuality "1"]

1. e4 e5 2. Nf3 Nc6 3. Bb5 a6 4. Ba4 Nf6 5. 0-0 Be7 6. Re1 b5 7. Bb3 0-0 8. h3 d5 9. exd5 Nxd5 10. Nxe5 Nxe5 11. Rxe5 c6 12. d3 Bd6 13. Re1 Qh4 14. Qf3 Be6 15. Nc3 Nxc3 16. bxc3 Rae8 17. Bd2 c5 18. Re4 1/2-1/2

[Event "Pyramiden Franken Cup 4th"]
[Site "Fuerth"]
[Date "2001.08.24"]
[Round "7"]
[White "Suess, Helmut"]
[Black "Kuehnling, Klaus"]
[Result "1/2-1/2"]
[WhiteElo "1932"]
[BlackElo "1782"]
[PlyCount "26"]
[EventDate "2001.08.18"]
[EventType "swiss"]
[EventRounds "9"]
[EventCountry "GER"]
[SourceTitle "EXT 2010"]
[Source "ChessBase"]
[SourceDate "2010.11.25"]
[SourceVersion "1"]
[SourceVersionDate "2010.11.25"]
[SourceQuality "1"]

1. d4 Nf6 2. Nf3 g6 3. g3 Bg7 4. Bg2 0-0 5. 0-0 d5 6. c4 c6 7. Qb3 dxc4 8. Qxc4 Be6 9. Qc2 Bf5 10. Qb3 Qb6 11. Nbd2 Nbd7 12. Qxb6 axb6 13. Ne1 c5 1/2-1/2

[Event "Pyramiden Franken Cup 4th"]
[Site "Fuerth"]
[Date "2001.08.23"]
[Round "6"]
[White "Kuehnling, Klaus"]
[Black "Oettel, Lothar"]
[Result "1/2-1/2"]
[WhiteElo "1782"]
[BlackElo "1915"]
[PlyCount "58"]
[EventDate "2001.08.18"]
[EventType "swiss"]
[EventRounds "9"]
[EventCountry "GER"]
[SourceTitle "EXT 2010"]
[Source "ChessBase"]
[SourceDate "2010.11.25"]
[SourceVersion "1"]
[SourceVersionDate "2010.11.25"]
[SourceQuality "1"]

1. e4 c5 2. Nf3 Nc6 3. d4 cxd4 4. Nxd4 Nf6 5. Nc3 g6 6. Nxc6 bxc6 7. e5 Ng8 8. Bc4 d5 9. exd6 Qxd6 10. Qf3 Be6 11. Bf4 Qd7 12. Bxe6 Qxe6+ 13. Be3 a6 14. 0-0 Bg7 15. Rfe1 Bxc3 16. bxc3 Qd5 17. Qf4 Qf5 18. Qd4 Nf6 19. Bh6 Rg8 20. Qd6 e6 21. Qxc6+ Ke7 22. Rab1 Rad8 23. Rb7+ Rd7 24. Rd1 Rgd8 25. Be3 Qxc2 26. Bc5+ Ke8 27. Rbxd7 Nxd7 28. Qd6 Qxd1+ 29. Qxd1 Nxc5 1/2-1/2

[Event "Pyramiden Franken Cup 4th"]
[Site "Fuerth"]
[Date "2001.08.20"]
[Round "3"]
[White "Kuehnling, Klaus"]
[Black "Sattler, Stefan"]
[Result "1/2-1/2"]
[WhiteElo "1782"]
[BlackElo "2063"]
[PlyCount "27"]
[EventDate "2001.08.18"]
[EventType "swiss"]
[EventRounds "9"]
[EventCountry "GER"]
[SourceTitle "EXT 2010"]
[Source "ChessBase"]
[SourceDate "2010.11.25"]
[SourceVersion "1"]
[SourceVersionDate "2010.11.25"]
[SourceQuality "1"]

1. e4 c5 2. Nf3 e6 3. d4 cxd4 4. Nxd4 Nf6 5. Nc3 Nc6 6. Be3 Bb4 7. Nxc6 bxc6 8. Bd3 d5 9. exd5 cxd5 10. 0-0 0-0 11. Bd4 Bd6 12. f4 Re8 13. Qe2 a6 14. Kh1 1/2-1/2

[Event "Nuremberg-ch op 01st"]
[Site "Nuremberg"]
[Date "2001.06.03"]
[Round "1"]
[White "Hirn, Oskar"]
[Black "Kuehnling, Klaus"]
[Result "1-0"]
[WhiteElo "2282"]
[BlackElo "1785"]
[PlyCount "67"]
[EventDate "2001.06.01"]
[EventType "swiss"]
[EventRounds "5"]
[EventCountry "GER"]
[SourceTitle "EXT 2003"]
[Source "ChessBase"]
[SourceDate "2002.11.25"]
[SourceVersion "1"]
[SourceVersionDate "2002.11.25"]
[SourceQuality "1"]

1. d4 Nf6 2. c4 g6 3. Nc3 d5 4. Bg5 Ne4 5. Nxe4 dxe4 6. e3 c5 7. d5 Bg7 8. Qd2 Qb6 9. 0-0-0 a5 10. Ne2 a4 11. a3 Nd7 12. Nc3 f5 13. Nb5 Nf6 14. Bf4 0-0 15. Bc7 Qa6 16. Be5 Qa5 17. d6 Qxd2+ 18. Rxd2 exd6 19. Bxd6 Rd8 20. Be2 Bf8 21. Rhd1 Bxd6 22. Rxd6 Rf8 23. h3 Kg7 24. Rd8 g5 25. R1d6 Bd7 26. R8xd7+ Nxd7 27. Rxd7+ Rf7 28. Rd5 b6 29. Nd6 Rf6 30. Nxf5+ Kg6 31. g4 Ra7 32. Bd1 Re6 33. Bc2 Kf6 34. Ng3 1-0

[Event "Nuremberg-ch op 01st"]
[Site "Nuremberg"]
[Date "2001.06.03"]
[Round "5"]
[White "Meisel, Frank"]
[Black "Kuehnling, Klaus"]
[Result "0-1"]
[WhiteElo "1456"]
[BlackElo "1785"]
[PlyCount "56"]
[EventDate "2001.06.01"]
[EventType "swiss"]
[EventRounds "5"]
[EventCountry "GER"]
[SourceTitle "EXT 2003"]
[Source "ChessBase"]
[SourceDate "2002.11.25"]
[SourceVersion "1"]
[SourceVersionDate "2002.11.25"]
[SourceQuality "1"]

1. e4 c6 2. d4 d5 3. exd5 cxd5 4. c4 Nf6 5. Nf3 e6 6. Bg5 Be7 7. Be2 dxc4 8. Bxc4 0-0 9. 0-0 a6 10. Nc3 b5 11. Be2 Bb7 12. Rc1 Nc6 13. a3 Rc8 14. Be3 Nd5 15. Bd3 Nxc3 16. Rxc3 Qd5 17. Qb3 Qxb3 18. Rxb3 Na5 19. Rc3 Rxc3 20. bxc3 Rc8 21. Rc1 Nc4 22. a4 Nb2 23. Bc2 b4 24. cxb4 Bxb4 25. Bd2 Bxd2 26. Nxd2 g6 27. Kf1 Nd3 28. Rb1 Rxc2 0-1

[Event "Mittelfranken-ch QT 50th"]
[Site "Buechenbach"]
[Date "2001.??.??"]
[Round "4"]
[White "Kuehnling, Klaus"]
[Black "Wissmeier, Bernd"]
[Result "1-0"]
[WhiteElo "1783"]
[BlackElo "1681"]
[PlyCount "43"]
[EventDate "2001.04.11"]
[EventType "swiss"]
[EventRounds "7"]
[EventCountry "GER"]
[SourceTitle "EXT 2015"]
[Source "ChessBase"]
[SourceDate "2014.11.20"]
[SourceVersion "1"]
[SourceVersionDate "2014.11.20"]
[SourceQuality "1"]

1. e4 c5 2. Nf3 d6 3. d4 cxd4 4. Nxd4 Nf6 5. Nc3 a6 6. Be2 Nbd7 7. Be3 Ne5 8. 0-0 e6 9. f4 Ng6 10. f5 Ne5 11. fxe6 fxe6 12. Kh1 Be7 13. Bh5+ Nxh5 14. Qxh5+ g6 15. Qh3 Nc4 16. Bh6 e5 17. Ne6 Qd7 18. Nd5 Bd8 19. Nec7+ Bxc7 20. Nf6+ Ke7 21. Nxd7 Bxd7 22. Qh4+ 1-0

[Event "Mittelfranken-ch QT 49th"]
[Site "Ansbach"]
[Date "2000.??.??"]
[Round "1"]
[White "Eckhardt, Waldemar"]
[Black "Kuehnling, Klaus"]
[Result "0-1"]
[WhiteElo "1507"]
[BlackElo "1814"]
[PlyCount "88"]
[EventDate "2000.04.19"]
[EventType "swiss"]
[EventRounds "7"]
[EventCountry "GER"]
[SourceTitle "EXT 2015"]
[Source "ChessBase"]
[SourceDate "2014.11.20"]
[SourceVersion "1"]
[SourceVersionDate "2014.11.20"]
[SourceQuality "1"]

1. d4 Nf6 2. c4 g6 3. Nc3 d5 4. Bf4 Bg7 5. e3 0-0 6. cxd5 Nxd5 7. Bc4 Nxf4 8. exf4 Bxd4 9. Nb5 Bb6 10. Qb3 Ba5+ 11. Nc3 c5 12. Nf3 Nc6 13. 0-0 Bxc3 14. Qxc3 Qc7 15. Bb5 Nb4 16. Rfc1 a6 17. Ba4 Qxf4 18. a3 Nd5 19. Qxc5 Be6 20. Qd4 Rac8 21. Re1 Rc4 22. Qxf4 Nxf4 23. Bb3 Rc7 24. Bxe6 Nxe6 25. Red1 Rcc8 26. g3 Kg7 27. Nd4 Nxd4 28. Rxd4 e6 29. Rb4 b5 30. Rd1 Rfd8 31. Rxd8 Rxd8 32. Kg2 Kf6 33. Rf4+ Ke7 34. a4 Rc8 35. axb5 axb5 36. Kf3 e5 37. Ke4 Ke6 38. g4 f5+ 39. gxf5+ gxf5+ 40. Ke3 Kd5 41. Rb4 e4 42. h3 h5 43. b3 h4 44. Ke2 Kc5 0-1

[Event "Mittelfranken-ch QT 49th"]
[Site "Ansbach"]
[Date "2000.??.??"]
[Round "3"]
[White "Schmitt, Werner"]
[Black "Kuehnling, Klaus"]
[Result "0-1"]
[WhiteElo "1679"]
[BlackElo "1814"]
[PlyCount "84"]
[EventDate "2000.04.19"]
[EventType "swiss"]
[EventRounds "7"]
[EventCountry "GER"]
[SourceTitle "EXT 2015"]
[Source "ChessBase"]
[SourceDate "2014.11.20"]
[SourceVersion "1"]
[SourceVersionDate "2014.11.20"]
[SourceQuality "1"]

1. Nf3 Nf6 2. g3 g6 3. Bg2 Bg7 4. 0-0 d5 5. d4 0-0 6. c3 c6 7. Nbd2 Nfd7 8. e4 dxe4 9. Nxe4 Nf6 10. Nxf6+ Bxf6 11. Re1 Nd7 12. Bf4 Nb6 13. Be5 Bxe5 14. Nxe5 Be6 15. b3 Nd7 16. Nd3 Bf5 17. Nf4 Nf6 18. Qe2 Re8 19. Rad1 Qc7 20. Bh3 Bxh3 21. Nxh3 Nd5 22. Qf3 Rad8 23. Ng5 Nf6 24. Ne4 Nxe4 25. Rxe4 e6 26. c4 Rd7 27. Qf6 Qd8 28. Qf3 f5 29. Re2 Rxd4 30. Rde1 Qd6 31. Qc3 e5 32. Qa5 b6 33. Qxa7 c5 34. Qb7 e4 35. Re3 Re7 36. Qc8+ Kf7 37. Qa6 g5 38. Qa3 f4 39. R3e2 f3 40. Re3 Qd7 41. Kh1 Qh3 42. Rg1 Rd1 0-1